000 00626nam a2200193Ia 4500
005 20250507130202.0
008 008 250505s9999 xx 000 0 eng d
037 _aSeries Article
040 _aEASL
_beng
_cEASL
041 _aeng
_2eng
084 _qEASL
100 _aBello Dravid A
_9662231
245 0 _aTo go where no han could go for long: Malaria and the qing construction of ethnic adminstrative space in frontier yunnan
260 _aIndia
_bNew Delhi Sage Publication India
_c2005
300 _a283-317
650 _aChina; Chinese history
_9755020
942 _cSRA
999 _c1318196
_d1318196